Evaluación de competencias profesionales básicas del docente. Estrategia efectiva.

সংরক্ষণ করুন:
গ্রন্থ-পঞ্জীর বিবরন
প্রধান লেখক: Pilonieta P., Germán
বিন্যাস: গ্রন্থ
ভাষা:Spanish
প্রকাশিত: Bogotá: Cooperativa Editorial Magisterio, 2006.
বিষয়গুলি:
অনলাইন ব্যবহার করুন:Enlace del recurso
ট্যাগগুলো: ট্যাগ যুক্ত করুন
কোনো ট্যাগ নেই, প্রথমজন হিসাবে ট্যাগ করুন!

MARC

LEADER 00000nam a22000007a 4500
003 OSt
005 20170918140924.0
008 170918b2006 ck ||||| |||| 00| 0 spa d
020 |a 9582008741 
040 |c CNA-IDEP 
082 |a 371.12  |b P643e 
100 1 |9 4794  |a Pilonieta P., Germán 
245 1 0 |a Evaluación de competencias profesionales básicas del docente.  |b Estrategia efectiva.   |c Germán Pilonieta. 
260 |a Bogotá:  |b Cooperativa Editorial Magisterio,  |c 2006. 
300 |a 173 p.:  |b tablas, ilustraciones; 
504 |a Contiene referencias bibliográficas 
650 1 0 |9 4795  |a Competencias profesionales 
650 1 0 |9 2010  |a Profesionales de la educación 
650 1 0 |9 4795  |a Competencias profesionales 
942 |2 ddc  |c BK 
999 |c 5539  |d 5539 
856 |u https://catalogo.idep.edu.co/cgi-bin/koha/opac-detail.pl?biblionumber=5539  |z Enlace del recurso